Nantes Atlantique Airport Destinations (Nantes, France) - Statistics

General Stats
  • This quiz has been taken 176 times
    71 since last reset
  • The average score is 63 of 99
Answer Stats
Airline Destination % Correct
Air France Paris (Charles de Gaulle)
98%
easyJet London (Gatwick)
93%
Ryanair London (Stansted)
93%
Iberia/Volotea Madrid
93%
Ryanair/Transavia Marseille
93%
KLM Amsterdam
90%
easyJet Milan (Malpensa)
90%
easyJet/Transavia/Volotea Nice
90%
easyJet/Transavia/Volotea Rome (Fiumicino)
90%
Volotea/Vueling Barcelona
88%
Transavia Berlin
88%
Aer Lingus/Ryanair Dublin
88%
Air France/easyJet/Volotea Lyon
88%
easyJet/Volotea Naples
88%
Lufthansa Munich
83%
easyJet/Volotea Toulouse
83%
easyJet/Transavia/Volotea Lisbon
81%
easyJet/Transavia/Volotea Porto
81%
Volotea Strasbourg
81%
Royal Air Maroc/Transavia Casablanca
79%
Lufthansa Frankfurt
79%
easyJet Geneva
79%
easyJet/Volotea/Vueling Malaga
79%
Nouvelair/Tunisair Tunis
79%
Swiss International Air Lines Zurich
79%
Transavia Istanbul
76%
Ryanair Manchester
76%
easyJet/Volotea Prague
76%
Ryanair/Vueling Seville
76%
Ryanair Valencia
76%
Tassili Airlines/Transavia Algiers
74%
Aegean Airlines/Transavia/Volotea Athens
74%
easyJet/Transavia/Volotea Marrakesh
74%
Ryanair Edinburgh
71%
Transavia/Volotea Montpellier
71%
Transavia/Volotea Venice
71%
easyJet/Volotea Ajaccio
69%
easyJet Basel/Mulhouse
69%
easyJet/Transavia/Volotea/Vueling Palma de Mallorca
69%
easyJet/Volotea Tenerife (South)
69%
easyJet/Volotea Alicante
67%
Volotea Florence
67%
Volotea Hamburg
67%
Aegean Airlines/easyJet/Sky Express/Transavia/Volotea Heraklion
67%
easyJet Ibiza
67%
easyJet/Transavia/Volotea Faro
64%
Volotea Gran Canaria
64%
Transavia/Volotea Palermo
64%
Volotea Vienna
64%
Volotea Bastia
62%
Transavia Budapest
62%
Volotea Copenhagen
62%
Transavia Funchal
62%
easyJet/Transavia/Volotea Lanzarote
62%
easyJet/Transavia/Volotea Rhodes
62%
easyJet Bristol
60%
easyJet/Volotea Catania
60%
Nouvelair/Transavia/Tunisair Djerba
60%
easyJet/Transavia/Volotea Dubrovnik
60%
Ryanair/Transavia Fes
60%
Transavia/Volotea Fuerteventura
60%
easyJet/Transavia/Volotea Menorca
60%
Transavia/Volotea Split
60%
Transavia Antalya
57%
easyJet/Volotea Corfu
57%
Ryanair Malta
57%
easyJet/Volotea Olbia
57%
Air Montenegro Podgorica
57%
easyJet Rabat
57%
Ryanair/Transavia Agadir
55%
Volotea Cagliari
55%
Air France/easyJet/Transavia/Volotea Figari
55%
Air Transat Montreal (Trudeau)
55%
Transavia Oran
55%
Volotea Pisa
55%
Transavia/Volotea Santorini
55%
Transavia Tangier
55%
Volotea Zakynthos
55%
Volotea Mykonos
52%
Transavia/Volotea Calvi
50%
Transavia Reykjavik
50%
Transavia Tirana
50%
Volotea Bergamo
48%
easyJet Larnaca
48%
Nouvelair/Transavia Monastir
48%
Transavia Toulon
45%
Transavia Oujda
43%
Volotea Brindisi
40%
Ryanair Charleroi
40%
Volotea Perpignan
40%
Corsair International Fort-de-France
38%
Transavia Dakar (Diass)
33%
Transavia Hurghada
33%
Ryanair Bournemouth
31%
Volotea Kalamata
31%
Volotea Varna
31%
Transavia Essaouira
29%
Volotea Patras
14%
Air France Saint-Nazaire
10%
No matching quizzes found
Score Distribution
Percent of People with Each Score
Percentile by Number Answered
Your Score History
You have not taken this quiz since the last reset